|
|
|
|
| LEADER |
00000nam0a2200000 4500 |
| 001 |
101295 |
| 005 |
20231101214346.0 |
| 010 |
|
|
|a 5947239515
|
| 035 |
|
|
|a (RuTPU)RU\TPU\book\109166
|
| 090 |
|
|
|a 101295
|
| 100 |
|
|
|a 20060908d2006 m y0rusy50 ca
|
| 101 |
1 |
|
|a rus
|c eng
|
| 102 |
|
|
|a RU
|
| 105 |
|
|
|a a z 000zy
|
| 200 |
1 |
|
|a Библия торговли
|e пер. с англ.
|f Дж. Гитомер
|
| 210 |
|
|
|a СПб.
|c Питер Принт
|d 2006
|
| 215 |
|
|
|a 364 с.
|c ил.
|
| 225 |
1 |
|
|a Деловой бестселлер
|
| 330 |
|
|
|a «Библия торговли» Джеффри Гитомера, обучающая искусству продавать, помогла сотням тысяч людей продвинуться в этом нелегком деле. Множество методов и технологий, изложенных здесь, представляют собой идеальное пособие для обучения ремеслу торговли и проведения мозговых штурмов. Книга позволит вам расширить и углубить свои знания процесса сбыта и сложностей, в нем возникающих, поможет стать профессиональным продавцом, подскажет наиболее эффективное решение в трудной ситуации, научит правильной работе с клиентами. «Библию торговли» необходимо приобрести каждому, кто занят в этой сфере, — как начинающему коммивояжеру, так и крупному торговому представителю. Ведь это — ИХ Библия...
|
| 606 |
1 |
|
|a Торговля
|x Экономика
|2 stltpush
|3 (RuTPU)RU\TPU\subj\37078
|9 58228
|
| 610 |
1 |
|
|a экономика
|
| 610 |
1 |
|
|a торговля
|
| 610 |
1 |
|
|a товары
|
| 610 |
1 |
|
|a услуги
|
| 610 |
1 |
|
|a продавцы
|
| 610 |
1 |
|
|a покупатели
|
| 610 |
1 |
|
|a обслуживание
|
| 610 |
1 |
|
|a клиенты
|
| 610 |
1 |
|
|a сделки
|
| 610 |
1 |
|
|a психология
|
| 610 |
1 |
|
|a выставки
|
| 610 |
1 |
|
|a управление
|
| 610 |
1 |
|
|a лидерство
|
| 686 |
|
|
|a У9(2)42
|v LBC/SL-A
|2 rubbk
|
| 686 |
|
|
|a У842
|v LBC/SL-A
|2 rubbk
|
| 700 |
|
1 |
|a Гитомер
|b Дж.
|g Джеффри
|
| 801 |
|
1 |
|a RU
|b 63413507
|c 20060908
|g PSBO
|
| 801 |
|
2 |
|a RU
|b 63413507
|c 20211028
|g PSBO
|
| 900 |
|
|
|a Теория и практика связей с общественностью
|
| 900 |
|
|
|a Выставочная работа
|
| 942 |
|
|
|c BK
|
| 959 |
|
|
|a 76/20060901
|d 1
|e 174,00
|f ЧЗГЛ:1
|